Sonic Singing Song - Statistiques

Statistiques générales
  • Ce quiz a été pris 26 fois
  • Le résultat moyen est 25 sur 100
Statistiques - réponses
Réponse % Correct
Live and Learn
91%
Find Your Flame
73%
His World
73%
I Am All of Me
73%
I'm Here
73%
Open Your Heart
73%
Undefeatable
73%
Break Through It All
64%
Can you feel the sunshine
64%
Endless Possibility
64%
it doesn't matter
64%
Reach for the Stars
64%
Super Sonic Racing
64%
Dreams of an Absolution
55%
EGGMAN
55%
Fist Bump
55%
Follow Me
55%
My Sweet Passion
55%
Sonic Heroes
55%
Unknown from M.E
55%
All Hail Shadow
45%
Believe in Myself
45%
Dear Father
45%
One Way Dream
45%
Seven Rings in hand
45%
Sonic Boom
45%
Speak With Your Heart
45%
Supporting Me ( Biolizard)
45%
Team Chaotix
45%
Escape from the city
36%
I'm with You (Vocal ver)
36%
Infinite
36%
Knight of the Wind
36%
This Machine
36%
What I'm Made Of
36%
Believe in Yourself
27%
Fight the Knight
27%
Fly in the Freedom
27%
Lazy Days
27%
Never Turn Back
27%
The Palace that was Found
27%
We Can
27%
You can do Anything
27%
A New Venture
18%
Another Passage
18%
Catch Me If You Can
18%
Dear My Friend
18%
Diamond in the sky
18%
Free
18%
Let the Speed to Mend It
18%
Living in the city
18%
Maybe If
18%
My Destiny
18%
Waking Up
18%
A ghost's Pumpkin Soup
9%
Almost Dead
9%
Back 2 Back
9%
Back in time
9%
Blood Flow
9%
It has Come to this
9%
Nowhere to Run (Prison Hall)
9%
Right There, Ride On
9%
Sonic Speed Riders
9%
The chosen One
9%
The Light of Hope
9%
Throw it all away
9%
Unawakening Float
9%
What U Need
9%
With Me
9%
Work it out
9%
Worth a Chance
9%
Blue on the Run
0%
Bomber Barbara
0%
Bright Sound (dry lagoon)
0%
Deeper ( for death chamber )
0%
Dive into the mellow
0%
Ethno Circus
0%
Fading World (Imperial Tower)
0%
Fighting Onward (Space Port)
0%
Green Light Ride
0%
How it Started
0%
I'm a Spy (Security Hall)
0%
Jeh Jeh Rocket
0%
Justice (Park Avenue)
0%
Kick the Rock
0%
Lovely Gate 3 (Egg Quarters)
0%
Mad Space ( 34°N - 12°E)
0%
Moonlight Battlefield (Aqua Road)
0%
No way Through
0%
Number One
0%
Poison Spear
0%
Set in Motion (Guardian Rock)
0%
Ska Cha Cha
0%
Space Trip Steps
0%
Sweet Dreams
0%
The White of the Sky
0%
The Wicked Wild
0%
Un-Gravity
0%
Virtual Enemies (Capital City)
0%
Wrapped in Black
0%
Aucun quiz correspondant
Distribution des résultats
% des personnes avec chaque résultat
Percentile par nombre de réponses
Votre historique - résultats
Vous n’avez pas pris ce quiz